Gminy województwa świętokrzyskiego na mapie - Statystyki

Ogólne statystyki
  • Ten quiz został rozwiązany 942 razy
  • Średni wynik to 44 z 102
Odpowiedzi na mapie
Odpowiedzi zakodowano w zielono-czerwonej skali na mapie do tego quizu, zgodnie z poniższymi procentami.
 
Statystyki odpowiedzi
Powiat Typ gminy Gmina % Poprawnych
miasta na prawach powiatu miejska m. Kielce
95%
ostrowiecki miejska Ostrowiec Świętokrzyski
87%
buski miejsko-wiejska Busko-Zdrój
85%
konecki miejsko-wiejska Końskie
85%
opatowski miejsko-wiejska Opatów
85%
sandomierski miejska Sandomierz
85%
skarżyski miejska Skarżysko-Kamienna
84%
jędrzejowski miejsko-wiejska Jędrzejów
83%
włoszczowski miejsko-wiejska Włoszczowa
83%
starachowicki miejska Starachowice
81%
staszowski miejsko-wiejska Staszów
80%
pińczowski miejsko-wiejska Pińczów
79%
kazimierski miejsko-wiejska Kazimierza Wielka
77%
kielecki miejsko-wiejska Chęciny
69%
kielecki miejsko-wiejska Daleszyce
67%
jędrzejowski miejsko-wiejska Małogoszcz
64%
kielecki miejsko-wiejska Morawica
63%
kielecki miejsko-wiejska Bodzentyn
60%
kielecki miejsko-wiejska Chmielnik
60%
skarżyski miejsko-wiejska Suchedniów
60%
buski miejsko-wiejska Pacanów
59%
starachowicki miejsko-wiejska Wąchock
59%
ostrowiecki miejsko-wiejska Ćmielów
58%
kielecki miejsko-wiejska Piekoszów
58%
staszowski miejsko-wiejska Połaniec
58%
jędrzejowski miejsko-wiejska Sędziszów
58%
kielecki miejsko-wiejska Łagów
57%
kielecki miejsko-wiejska Nowa Słupia
57%
konecki miejsko-wiejska Stąporków
56%
opatowski miejsko-wiejska Ożarów
53%
kazimierski miejsko-wiejska Opatowiec
52%
kielecki miejsko-wiejska Łopuszno
51%
kielecki wiejska Nowiny
51%
kielecki wiejska Zagnańsk
50%
kielecki wiejska Miedziana Góra
49%
jędrzejowski miejsko-wiejska Wodzisław
49%
buski miejsko-wiejska Wiślica
48%
kielecki wiejska Masłów
47%
ostrowiecki miejsko-wiejska Kunów
46%
konecki miejsko-wiejska Radoszyce
46%
buski miejsko-wiejska Stopnica
46%
kazimierski miejsko-wiejska Skalbmierz
45%
staszowski miejsko-wiejska Szydłów
45%
sandomierski miejsko-wiejska Zawichost
45%
buski miejsko-wiejska Nowy Korczyn
44%
sandomierski miejsko-wiejska Klimontów
43%
kielecki wiejska Mniów
43%
kielecki wiejska Raków
43%
skarżyski wiejska Skarżysko Kościelne
43%
ostrowiecki wiejska Bałtów
42%
sandomierski miejsko-wiejska Koprzywnica
40%
jędrzejowski miejsko-wiejska Sobków
40%
pińczowski miejsko-wiejska Działoszyce
39%
staszowski miejsko-wiejska Osiek
39%
kielecki wiejska Górno
38%
opatowski miejsko-wiejska Iwaniska
38%
skarżyski wiejska Łączna
38%
kielecki miejsko-wiejska Pierzchnica
38%
konecki miejsko-wiejska Gowarczów
37%
staszowski miejsko-wiejska Bogoria
36%
skarżyski wiejska Bliżyn
35%
pińczowski wiejska Kije
35%
starachowicki wiejska Pawłów
34%
kielecki wiejska Strawczyn
34%
kielecki wiejska Bieliny
33%
buski wiejska Solec-Zdrój
33%
sandomierski wiejska Dwikozy
32%
starachowicki wiejska Brody
30%
konecki wiejska Fałków
30%
konecki wiejska Ruda Maleniecka
30%
starachowicki wiejska Mirzec
29%
jędrzejowski wiejska Nagłowice
29%
staszowski miejsko-wiejska Oleśnica
29%
konecki wiejska Słupia Konecka
29%
buski wiejska Gnojno
28%
konecki wiejska Smyków
28%
jędrzejowski wiejska Oksa
27%
włoszczowski wiejska Krasocin
25%
opatowski wiejska Tarłów
25%
włoszczowski wiejska Radków
24%
włoszczowski wiejska Secemin
23%
jędrzejowski wiejska Imielno
22%
staszowski wiejska Rytwiany
22%
ostrowiecki wiejska Waśniów
22%
kazimierski wiejska Bejsce
21%
ostrowiecki wiejska Bodzechów
21%
włoszczowski wiejska Kluczewsko
21%
opatowski wiejska Lipnik
21%
opatowski wiejska Baćkowice
20%
sandomierski wiejska Łoniów
20%
sandomierski wiejska Samborzec
20%
włoszczowski wiejska Moskorzew
19%
jędrzejowski wiejska Słupia (Jędrzejowska)
19%
kazimierski wiejska Czarnocin
17%
pińczowski wiejska Michałów
17%
sandomierski wiejska Obrazów
17%
pińczowski wiejska Złota
17%
buski wiejska Tuczępy
15%
opatowski wiejska Wojciechowice
14%
staszowski wiejska Łubnice
13%
sandomierski wiejska Wilczyce
13%
opatowski wiejska Sadowie
12%
Nie znaleziono quizów pasujących do podanych kryteriów
Rozkład punktacji
Procent ludzi z każdym wynikiem
Percentyl według liczby udzielonych odpowiedzi
Twoja historia wyników
Nie rozwiązałeś tego quizu